[Event "EU-chT (Men) 11th"]
[Site "Pula"]
[Date "1997.05.??"]
[Round "7.4"]
[White "Pavasovic, Dusko"]
[Black "Sideif Sade, Fikret Israfil O"]
[Result "1/2-1/2"]
[WhiteElo "2460"]
[BlackElo "2435"]
[Annotator "Har Zvi,R"]
[PlyCount "115"]
[EventDate "1997.05.05"]
[EventType "team-swiss"]
[EventRounds "9"]
[EventCountry "CRO"]
[SourceTitle "CBM 057 Extra"]
[Source "ChessBase"]
[SourceDate "1997.05.01"]
[SourceVersion "1"]
[SourceVersionDate "1997.05.01"]
[SourceQuality "1"]
[WhiteTeam "Slovenia"]
[BlackTeam "Azerbaijan"]
[WhiteTeamCountry "SLO"]
[BlackTeamCountry "AZE"]

1. e4 c5 2. c3 Nf6 3. e5 Nd5 4. d4 cxd4 5. Nf3 e6 6. cxd4 d6 7. Bc4 Be7 8. O-O
Nc6 9. Qe2 O-O 10. Qe4 b6 11. Bxd5 (11. Bd3 g6 12. Bh6 Re8 13. a3 (13. Nc3 Ncb4
14. Be2 Bb7 15. Nxd5 Bxd5 (15... Nxd5 16. Bb5 Nc7 17. Qxb7 Nxb5 18. Rac1 $14)
16. Qf4 Bxf3 17. Bxf3 d5 18. Be2 $1 $14 {[%cal Ge2a6] /+/- Berelovich,
A-Obukhov,A Sochi 1993}) (13. Nbd2 Ndb4 (13... Ncb4 14. Bb5 Bd7 15. Be2 Ba4 16.
Qg4 a6 17. a3 Nc6 18. Rac1 Na5 19. h4 $40 {Smagin,S-Milosevic Geneve 1990}) 14.
Bb1 Ba6 15. Rd1 dxe5 16. dxe5 Qd5 $11 {Dvorietzky,M-Taimanov,M Vilnus 1975 21/
(271)}) 13... Bb7 14. Nbd2 Rc8 (14... dxe5 15. dxe5 Na5 16. Qe2 Bf8 17. Bg5 Be7
18. Bh6 Bf8 19. Bg5 Be7 20. Ne4 Nb3 21. Rad1 $14 {/+/- Finkel,A-Shmuter,L
Beer-Sheva 1996}) 15. Rac1 (15. Rad1 Na5 16. Qg4 dxe5 17. Nxe5 Nf6 18. Qf4 Nc6
19. Ndf3 Bf8 $13 {Platonav,I-Agzamov SSSR 1977 23/331}) 15... Rc7 16. Rfe1 dxe5
17. dxe5 Nb8 18. Rxc7 Qxc7 19. Qg4 Nd7 20. h4 Nc5 $132 {Sermek,D-Kozul,Z
Portoroz 1996}) 11... exd5 12. Qxd5 Ba6 13. Rd1 $146 (13. Re1 Nb4 14. Qb3 dxe5
15. dxe5 Qd3 16. Rd1 Qg6 17. Nc3 Bb7 18. Ne1 Rad8 $44 {/+/= Greenfeld,A-Kagan,
S ISR-ch 1986}) (13. Qxc6 $2 Bxf1 14. Kxf1 Rc8) 13... Nb4 $2 {black has missed
the ideas,after Re1 he can play Nb4 but here he just has a much better move,
which gets at least slight advantage for him,while after 13...Nb4 he is a pawn
down} (13... Be2 $1 14. Rd2 (14. Re1 Nb4 15. Qxa8 $8 (15. Qe4 Bd3 16. Qe3 Bxb1
17. Rxb1 Nc2 $17) (15. Qb3 Nd3 16. Rxe2 Nxc1 $17) 15... Qxa8 16. Rxe2 dxe5 17.
dxe5 Qc6 $15) 14... Bxf3 15. Qxf3 (15. gxf3 $2 Bg5 16. Re2 Bxc1 17. Qxc6 Bxb2
$3 18. Rxb2 Rc8 $19 {[%cal Gc8c1,Gd8g5]}) 15... dxe5 (15... Bg5 16. Qxc6 Rc8
17. Qa4 Rxc1+ 18. Rd1 Rxd1+ 19. Qxd1 dxe5 20. d5 $13) 16. dxe5 Nxe5 $15) 14.
Qb3 d5 {[%cal Ga6c4]} 15. Na3 Qd7 16. Bd2 Nd3 17. Be3 Nb4 18. Bd2 Nd3 19. Ne1
Nxe1 20. Bxe1 Bxa3 (20... Be2 $5) 21. Qxa3 $14 {/+/- it is easy to sum to
opening,white is simply a pawn up but winning such position seems very
difficult,because white's extra pawn is really the "e5" pawn.white needs a
plan how to break black solid defence maybe by g4-f5 one day,but this is the
problem,because there are opposite coloured bishops on the board this is more
difficult,but there is no question here white is playing for a win without any
risks that's not too bad!} Bb5 22. Qg3 (22. Bb4 Rfc8 23. Bd6 Rc2 {[%cal Gc8c1,
Ga2h2]}) 22... Rac8 23. Bc3 Rc6 $1 {on the sixth rank the rook defencd against
a pawn advance by white in the best way} 24. Re1 a5 25. Re3 Rg6 26. Qf4 Bc4 27.
h3 h6 28. Kh2 f5 $5 {using the fact that there are opposite coloured bishops
on the board and white's extra "e" pawn can not advance to a light square} 29.
a3 {after this move white will not be able to use the "C" file and it now
seems very difficult for white to do something} (29. b3 $142 $5 Ba6 30. Bb2 {
[%csl Gd6][%cal Gb2a3,Gc1c8]}) 29... Re6 30. h4 Qf7 31. Kg1 Qh5 32. Rc1 Rg6 {
[%cal Gg6g4]} 33. f3 (33. Rg3 Rxg3 34. fxg3 (34. Qxg3 f4) 34... g5 35. hxg5
hxg5 36. Qf2 f4 $13) 33... Re6 34. Ree1 g5 35. hxg5 hxg5 36. Qh2 Qxh2+ 37. Kxh2
Kg7 38. Bd2 Kg6 39. Kg3 f4+ $2 {I think this move can cause black serious
trouble in the near future,better was Rh8 immediately} 40. Kf2 Rh8 41. Rh1 Rxh1
42. Rxh1 Re8 43. g3 fxg3+ (43... Rf8 44. gxf4 gxf4 45. Rh4 Kg5 46. Rg4+) 44.
Kxg3 {[%csl Rg5]} Ba6 $6 (44... Rf8 $5) 45. Kf2 Rf8 46. Rg1 Rf5 47. b3 $2 {
the big question is what is the bishop ending after f4 by white,I think white
has quite serious winning chances and this was certainly an interesting way
for him to continue,clearly this was better than the plan actually played in
the game there black was OK} (47. f4 $5 Kf7 48. Rxg5 Rxg5 49. fxg5 Kg6 {
here white probably has good winning chances} 50. Kg3 Kf5 (50... Bc8 51. Kf4
Bd7 (51... Be6 52. b4 a4 53. b5 $1 $18) 52. e6 $1 (52. b4 a4 (52... axb4 53.
Bxb4)) 52... Bxe6 53. Ke5 Bf7 54. b3 (54. Kd6 $5 a4 55. Kc6 Be6 $8 56. Kb5 Bd7+
57. Kxb6 Bf5 58. Kc5 Be4 59. Bc1 {with b4 and after axb a4 with a winning
position}) 54... b5 55. Kd6 $18 a4 56. b4 {[%csl Rb5,Rd5]}) 51. Kh4 Be2 52. b4
a4 53. b5 $1 {white must get to the b6 pawn,so to let his king maybe in
another 20 moves penetrate via the queens side,in opposite coloured bishops
ending the number of pawns is not so important since one bishop can stop 3
pawns if there are on one diagonal,but to make pass pawns far from each other}
Bxb5 54. Kh5 Be2+ 55. Kh6 $18 {so,in conclusion you can say that the bishop
ending seems to give white fantastic winning chances,unfortunately for white
he managed to destroy his position in 2 moves}) 47... Bd3 48. Rc1 (48. f4 Bc2
$1 49. b4 axb4 50. axb4 {now there is no penetration with the king} b5) 48...
Be4 49. Rc3 g4 50. Rc6+ Kg7 51. f4 Rh5 $132 {now black good counter play and
white has nothing better but to make a draw} 52. Kg3 Bf5 53. Be3 Rh3+ 54. Kf2
Be4 (54... g3+ $2 55. Kg2) 55. Rc7+ Kg6 56. Rc6+ Kg7 57. Rc7+ Kg6 58. Rc6+ {
both sides have nothing better than this} 1/2-1/2

[Event "EU-chT (Men) 11th"]
[Site "Pula"]
[Date "1997.05.??"]
[Round "9.1"]
[White "Godena, Michele"]
[Black "Antunes, Antonio"]
[Result "1-0"]
[WhiteElo "2545"]
[BlackElo "2510"]
[Annotator "Har Zvi,R"]
[PlyCount "65"]
[EventDate "1997.05.05"]
[EventType "team-swiss"]
[EventRounds "9"]
[EventCountry "CRO"]
[SourceTitle "CBM 057 Extra"]
[Source "ChessBase"]
[SourceDate "1997.05.01"]
[SourceVersion "1"]
[SourceVersionDate "1997.05.01"]
[SourceQuality "1"]
[WhiteTeam "Italy"]
[BlackTeam "Portugal"]
[WhiteTeamCountry "ITA"]
[BlackTeamCountry "POR"]

1. e4 c5 2. c3 Nf6 3. e5 Nd5 4. d4 cxd4 5. cxd4 d6 6. Nf3 Nc6 7. Bc4 Nb6 8. Bb5
dxe5 (8... d5) (8... e6) (8... Bd7) 9. Nxe5 Bd7 10. Nxd7 Qxd7 11. Nc3 e6 (11...
Rd8 12. O-O Qxd4 (12... g6 13. Re1 Bg7 14. Bg5 f6 15. Bf4 Qxd4 16. Qf3 O-O 17.
Bxc6 bxc6 18. Rxe7 $14 {Moechametov,E-Levin,F Novosibirsk 1989}) 13. Qb3 e6 14.
Bg5 Rd7 15. a4 Qb4 16. Qxb4 Bxb4 17. a5 Nxa5 18. Bxd7+ Nxd7 19. Nb5 f6 20. Be3
a6 21. Ra4 Nc6 22. Rc1 $1 $16 {Godena,M-Rechlis,G EUcup 1994}) 12. O-O (12. Qg4
h5 (12... g6 13. O-O Bg7 14. d5 Nxd5 15. Rd1 Rd8 16. Nxd5 exd5 17. Bxc6 bxc6
18. Re1+ Kf8 19. Qb4+ Qd6 20. Qa5 {with a very strong compensation for white
Machalsky,A-Tsarev,V Kiev 1989}) (12... a6 13. Bxc6 Qxc6 14. O-O h5 15. Qe2 Be7
16. Be3 h4 17. Rac1 h3 18. gxh3 Rxh3 19. Qg4 $13 {Sveshnikov,E-Kovalev,A
Budapest 1989}) 13. Qf3 a6 14. Bxc6 Qxc6 15. Qxc6+ bxc6 16. Ke2 Kd7 17. Ne4 Nd5
18. Bd2 Be7 19. Rhc1 {1/2-1/2 Sveshnikov,E-Shirov,A Val Maubuee op 1994}) 12...
Be7 13. Qg4 O-O 14. Rd1 (14. Bxc6 Qxc6 15. Bh6 Bf6 16. Rad1 Qd7 17. Ne4 Qe7 18.
Rd3 Kh8 $13 {Godena,M-Bacrot,E Cannes m 1995}) 14... Rfd8 15. Bh6 Bf6 (15... g6
) 16. Ne4 Qe7 17. Bxc6 bxc6 18. Rac1 Rac8 (18... Kh8 19. Be3 Rac8 20. Rc5 $13 {
Monclus,A-Rodriguez,T Barcelona 1989}) 19. h4 {threatening 20.Nxf6 and after
20... Qxf6 21.Bg5 Qg6 22.h5 winning an exchange} Rd5 20. Rc3 Kh8 21. Rf3 Rg8 $2
{after this move black gets immediately a losing position maybe he had missed
white's idea??} (21... Rxd4 22. Rxd4 Bxd4 23. Ng5 Bf6 (23... Bxf2+ 24. Rxf2 f6
(24... f5 25. Qd4 e5 (25... c5 26. Qe5 Nd7 27. Bxg7+ Qxg7 28. Qxe6 Rf8 $14) 26.
Qxe5 Qxe5 27. Nf7+ Kg8 28. Nxe5 gxh6 29. Rxf5 $14 {/+/-}) 25. Qxe6 Re8 26. Nf7+
Kg8 27. Qxe7 Rxe7 28. Nd8 gxh6 29. Nxc6 $16) 24. Bxg7+ Kxg7 (24... Bxg7 $4 25.
Nxf7+ Kg8 26. Nh6+ Kh8 27. Rf7 $18) 25. Ne4+ Kh8 26. Nxf6 $14 {[%csl Rh8] /+/-}
) (21... Bxd4 22. Rxd4 gxh6 23. Nf6 Re5 (23... Rxd4 $2 24. Qxd4 {[%csl Gh7]
[%cal Gf6d5,Gd4e4,Ge4h7]}) 24. Rd1 $1 {threatening Qf4-Qh6} Qf8 25. Qd4 $1 $40
{with probably simething like a winning attack for white}) {[%tqu "De","Black
has played a big mistake in his last move do you see way?","think about a
queen secrifise","","e4f6","",5]} 22. Nxf6 gxf6 23. Qxg8+ $1 Kxg8 24. Rg3+ Rg5
(24... Kh8 25. Bg7+ Kg8 26. Bxf6+) 25. hxg5 f5 26. Rc1 $18 {[%csl Rc6]} f4 27.
Rgc3 f6 28. Rxc6 fxg5 29. Rc7 Qf6 30. Bg7 Qf5 31. Be5 f3 32. Rg7+ Kf8 33. Rcc7
1-0

[Event "EU-chT (Men) 11th"]
[Site "Pula"]
[Date "1997.05.??"]
[Round "6.2"]
[White "Degraeve, Jean Marc"]
[Black "Stohl, Igor"]
[Result "1-0"]
[WhiteElo "2515"]
[BlackElo "2580"]
[Annotator "Har Zvi,R"]
[PlyCount "85"]
[EventDate "1997.05.05"]
[EventType "team-swiss"]
[EventRounds "9"]
[EventCountry "CRO"]
[SourceTitle "CBM 057 Extra"]
[Source "ChessBase"]
[SourceDate "1997.05.01"]
[SourceVersion "1"]
[SourceVersionDate "1997.05.01"]
[SourceQuality "1"]
[WhiteTeam "France"]
[BlackTeam "Slovakia"]
[WhiteTeamCountry "FRA"]
[BlackTeamCountry "SVK"]

1. e4 c5 2. c3 Nf6 3. e5 Nd5 4. d4 cxd4 5. Nf3 Nc6 6. Bc4 Nb6 7. Bb3 d5 8. exd6
Qxd6 9. O-O Be6 10. Na3 dxc3 11. Qe2 Bxb3 12. Nb5 Qb8 13. axb3 e5 14. bxc3 Be7
15. Bg5 f6 (15... a6 16. Bxe7 Nxe7 17. Nxe5 O-O 18. Nd4 Ng6 19. Nxg6 hxg6 20.
Rfe1 Re8 21. Qf3 Qc7 $11 {Onischuk,Al-Nijboer,F Wijk ann Zee 65/155 [Nijboer,F]
1996}) (15... Bxg5 16. Nxg5 h6 (16... a6) 17. Ne4 O-O 18. Rfd1 $1 Rd8 19. Nbd6
Qc7 20. Qh5 Qe7 21. Rd3 $1 $16 {acordding to Smagin,S-Baikov,V Moscow 1995 64/
(152) but in the game Zifroni,D-Kanstler,B one year later in the Czerniak-mem
1996 black played continued 21...Qe6 22.Rad1 Rab8 23.b4 a6 24.Nc5 Qe7 with a
very unclear position}) 16. Be3 Nc8 (16... O-O 17. Nxa7 Rxa7 18. Bxb6 Rxa1 19.
Rxa1 f5 20. b4 e4 21. b5 exf3 22. Qe6+ Rf7 23. bxc6 bxc6 24. Qxc6 $16 {Smagin,
S-Dvoires,S Novgorod (op) 1995 64/152 [Smagin,S]}) (16... Nd5 17. Nh4 (17. Bd2
O-O 18. c4 Nc7 19. Be3 Rd8 20. Rfd1 a6 21. Nc3 Rxd1+ 22. Rxd1 Qe8 {when it is
clear white does not have too much for his pawn Turov,M-Nevostrujev,V St.
Petersburg op 1994}) 17... a6 18. Qh5+ Kf8 19. Na3 (19. Ng6+ hxg6 20. Qxh8+ Kf7
21. Qxb8 Rxb8 22. Na3 Nxc3 23. Rfe1 Rd8 24. Nc2 Rd3 25. Kf1 g5 $17 {Sivohko,
S-Ionov,S St.Petersburg-ch 1996}) 19... Qe8 20. Qf3 Nxe3 21. Qxe3 g6 22. Qh6+
Kf7 23. Nc4 Qf8 24. Qe3 Kg7 25. Qb6 Qc8 {when again I do not see white's "big"
compensation  Smagin,S-Ionov,S Rus-chT Kazan 1995}) 17. Nh4 O-O (17... g6 18.
f4 O-O (18... a6 $5) 19. Nxg6 $1 hxg6 20. Qg4 $40 {Degraeve,J-Aseev,K St.
Petersburg-Paris 1996}) 18. Qg4 (18. Nf5 a6 19. Qa2 (19. Qg4 g6 20. Nxe7+ N6xe7
$1 (20... N8xe7 21. Qe6+ Kg7 22. Nd6) 21. Qc4+ Rf7 22. Nc7 Nd6 23. Qc5 Ne4 24.
Qc4 Nd6 $11) 19... g6 20. b4+ Kh8 21. Nh6 Kg7 22. Ng4 g5 {with what seems to
be just a pawn up for black Tzermiadianos,And-Ilincic,Z Cacak 1995 65/(155) 
[Tzermiadianos,And]}) (18. Qc4+ Kh8 19. f4 e4 20. Qxe4 Nd6 21. Nxd6 Bxd6 22.
Nf5 Re8 23. Qf3 Bf8 24. b4 $11 {/=/+ Seoo,O-Gelfand,B EUcup Berlin 1996}) 18...
a6 19. Nf5 g6 20. Na3 $6 (20. Nxe7+ N6xe7 $1 {is a line mentioned above,in the
comments for white's 18 move,indeed white won this game and won an exchange in
the next 3-4 moves but this is becuase of what I think a blunder by black not
good play by white,I think the best way for white is to play 20.Nxe7 and make
a draw because here why should he be better}) 20... Bxa3 (20... Kh8 $5) 21.
Rxa3 N8e7 $2 {just an unexplained mistake,white's reply is obvious when black
is losing an exchange,again 20...Kh8 was a possible move} {[%tqu "De","black
has just played a mistake can you exploit it immediately,winning back material
and even more","","","g4c4","",5]} 22. Qc4+ Kh8 23. Nxe7 Nxe7 24. Bh6 $1 Nf5 {
black decides to give the exchange but the other option does not seem as a big
difference} (24... Rc8 25. Qe6 Nf5 26. Qxf6+ Kg8 27. Qe6+ Kh8 28. Bg5 $16) (
24... Qc8 25. Bxf8 Qxc4 26. bxc4 Rxf8 27. Rb1 Rd8 28. g4 $16 {/+-}) 25. Bxf8
Qxf8 26. Ra5 $1 {[%cal Ga5d5] the best and quickest way to enter the rook into
the game} Rc8 27. Qd3 Qf7 28. c4 (28. Rd5 Nd4 (28... Rxc3 $4 29. Rd8+) 29. c4)
28... Nd4 29. f4 Nc6 30. Rd5 {[%cal Gd1d8]} exf4 31. Rxf4 $18 Re8 32. Rd7 {
[%cal Ga7h7]} Re7 33. Rxe7 Qxe7 34. Re4 Ne5 35. h3 Kg7 36. Qd5 Kf8 37. c5 h5
38. Rd4 Nf7 39. Rd1 h4 40. Kh1 g5 41. c6 bxc6 42. Qxc6 Qe2 43. Ra1 1-0

[Event "EU-chT (Men) 11th"]
[Site "Pula"]
[Date "1997.05.??"]
[Round "5.3"]
[White "Grosar, Aljosa"]
[Black "Hellsten, Johan"]
[Result "0-1"]
[WhiteElo "2495"]
[BlackElo "2485"]
[Annotator "Har Zvi,R"]
[PlyCount "66"]
[EventDate "1997.05.05"]
[EventType "team-swiss"]
[EventRounds "9"]
[EventCountry "CRO"]
[SourceTitle "CBM 057 Extra"]
[Source "ChessBase"]
[SourceDate "1997.05.01"]
[SourceVersion "1"]
[SourceVersionDate "1997.05.01"]
[SourceQuality "1"]
[WhiteTeam "Slovenia"]
[BlackTeam "Sweden"]
[WhiteTeamCountry "SLO"]
[BlackTeamCountry "SWE"]

1. e4 c5 2. Nf3 e6 3. c3 Nf6 4. e5 Nd5 5. Bc4 d6 6. d4 cxd4 7. cxd4 Nc6 8. O-O
Be7 9. Qe2 O-O 10. Nc3 {I do not like this move since after this move white
gets a very bad pawn structure,while after the other continuation 10.Qe4 white
still gets chances for attack on the king's side but with out destroying his
pawn structure on the Queen's side} Nxc3 11. bxc3 dxe5 (11... b6 12. Bd3 Bb7
13. exd6 (13. Qe4 g6 14. Bh6 Re8 15. Rad1 Na5 16. Qf4 Bxf3 17. Qxf3 $14 {
German,E-Miles,A Bad Lauterberg 1977}) 13... Qxd6 (13... Bxd6 14. Ng5 g6 15.
Qg4 $40) 14. Ng5 Bxg5 15. Bxg5 Ne7 16. Qg4 Ng6 17. h4 f5 18. Qh3 h6 19. Bd2
Rac8 20. Rac1 $1 $14 {Sveshnikov,E-Krogius,N Soci 1976 22/344}) 12. dxe5 b6 (
12... Qc7 13. Qe4 (13. Bd3 Rd8 14. Re1 (14. Qe4 g6 15. Re1 b6 16. Bf1 Bb7 17.
Qf4 Rd5 18. Qg3 Bf8 19. Bf4 Bg7 20. h4 h5 $13 {Dolmatov,S-Kozak,A RUS-ch m1-2
CBM 59}) 14... Bd7 15. Bg5 h6 $6 (15... Be8) 16. Bxh6 $1 gxh6 17. Qe4 f5 18.
exf6 Bxf6 19. Qh7+ Kf8 20. Re4 $40 {Rausis,I-Piesina,G Riga (zt) 1995}) 13...
Bd7 14. Re1 (14. Bd3 g6 15. Bh6 Rfd8 16. Rfe1 Be8 17. Rad1 Rd5 18. c4 Rc5 19.
Qf4 Rd8 20. Bg5 $40 {Manca,F-Kozul,Z Reggio Emilia 1993}) 14... Rac8 15. Bg5 (
15. Bd3) 15... Nxe5 16. Bxe7 Nxf3+ 17. gxf3 (17. Qxf3 $2 Bc6 $17) 17... Qxc4
18. Bxf8 Qxe4 19. fxe4 Kxf8 $14 {/= Sveshnikov,E-Cvitan,O Tilburg (m/2) 1993
59/176 [Sveshnikov,E]}) 13. Qe4 Bb7 14. Bd3 g6 15. Bh6 Re8 16. Rad1 Qc7 17. Qf4
Rad8 {everything is normal and typical to this position,white will try to use
the weaknesses in black's kingside,the f6-g7 squares while black will simply
try to hold the position on the king's side trying not to get "check-mated"
while on the queen's side black has a permenent advantage thanks to white's
"a" and "c" pawns} 18. h4 (18. Rfe1) 18... Rd5 19. Be4 Rc5 (19... Rxd1 20. Rxd1
) 20. Rfe1 (20. h5 Ba6 21. Rfe1 Nxe5) 20... Ba8 $6 {I do not understand this
move at all,just losing a tempi,and indeed white could have gotten a winning
in his 24 move,why not immediately Rxc3 or Rc4} (20... Nxe5 $4 21. Bxb7 $18) (
20... Bf8 21. Bxf8 Rxf8 22. Qh6 $40) 21. h5 Rxc3 (21... Rc4 $5 {[%cal Ga4h4]})
22. Ng5 Bxg5 (22... Bf8 23. Bxf8 Rxf8 24. hxg6 hxg6 (24... fxg6 25. Qxf8+ Kxf8
26. Nxe6+) 25. Qh4 $18) 23. Bxg5 Ne7 24. Qf6 $2 (24. hxg6 $1 {taking seems
like a logical move in the position not giving black any time to organize his
defence} fxg6 (24... hxg6 25. Bf6) (24... Nxg6 25. Qf6) 25. Bxa8 Rxa8 26. Qf6
Nf5 27. Qxe6+ Qf7 28. Qxf7+ Kxf7 29. e6+ {with a winning position for white,
although in this variation white's queen's side pawns are very bad which I do
not like I must admit the white gets very strong attacking chances in this
variation,this game is a big and difficult task for black}) 24... Bxe4 25. Rxe4
Nf5 26. g4 {[%tqu "De","we have reached a very interesting complicated
position,black's king seems in great danger,indeed black won the game in 7
moves but that's not because the way he played but more the way white played
since after his 26 move white should have won,but here there a fantastic
variation which leads by force to a draw!! ( from this position a draw does
not seem as the result!! )I give 15 minutes and 10 points because it is not
easy think well","","","c3g3","",10]} Rf3 $4 (26... Rg3+ $3 27. fxg3 (27. Kh2
Qc2 $19) (27. Kh1 Qc2 $19) (27. Kf1) 27... Qc5+ 28. Kg2 (28. Be3 Nxe3 29. Rdd4
Qc1+ 30. Kf2 Nd5 $36 {[%csl Rf2]}) 28... Qc2+ 29. Rd2 $8 (29. Kh3 $2 Qxd1 $19)
29... Qxe4+ 30. Kh3 {and black has nothing better than to make draw after
Qh1-Qf1,quite a line!}) {[%tqu "De","black played 'smart' threatening Qc2 and
in certain ways not now the queen on f6 may be captured when a black rook
stand on 'f5' but still black's last move is a serious mistake that should
have lost him the game immediately do you see how?? white could not","","",
"e4f4","",8]} 27. h6 $4 (27. Rf4 $1 Rxf4 (27... Qc3 28. gxf5 Rxf4 29. Bxf4 Qf3
30. Rd8 $18) 28. Bxf4 {and it seems black has no way except Qe7 to prevent
mate but Qe7 here I do not want to analyse!!}) 27... Qc2 {and the game is over}
28. Rd2 Qb1+ 29. Kg2 (29. Kh2 Rh3+ 30. Kxh3 Qh1#) 29... Qxe4 30. Rd8 Qxg4+ $2 {
black has just missed a simple mate in three after 30...Rh3 31.f3 Qxf3 32.Kg1
Rh1.....} 31. Kf1 Ng3+ 32. Ke1 Re3+ 33. Kd2 Ne4+ {Qe2 leads to mate in few
moves but this is just good enough} (33... Qe2+ 34. Kc1 Qc4+ 35. Kb1 (35. Kd2
Re2+ 36. Kd1 Qc2#) 35... Qb4+ 36. Kc2 Qc3+ 37. Kb1 Re1+ 38. Rd1 Rxd1+ 39. Bc1
Rxc1#) 0-1

[Event "EU-chT (Men) 11th"]
[Site "Pula"]
[Date "1997.05.??"]
[Round "6.2"]
[White "Westerinen, Heikki MJ"]
[Black "Mohr, Georg"]
[Result "1/2-1/2"]
[WhiteElo "2425"]
[BlackElo "2495"]
[Annotator "Har Zvi,R"]
[PlyCount "61"]
[EventDate "1997.05.05"]
[EventType "team-swiss"]
[EventRounds "9"]
[EventCountry "CRO"]
[SourceTitle "CBM 057 Extra"]
[Source "ChessBase"]
[SourceDate "1997.05.01"]
[SourceVersion "1"]
[SourceVersionDate "1997.05.01"]
[SourceQuality "1"]
[WhiteTeam "Finland"]
[BlackTeam "Slovenia"]
[WhiteTeamCountry "FIN"]
[BlackTeamCountry "SLO"]

1. e4 c5 2. c3 Nf6 3. e5 Nd5 4. d4 cxd4 5. Nf3 Nc6 6. Bc4 Nb6 7. Bb3 d5 8. exd6
Qxd6 9. O-O Be6 10. Bxe6 Qxe6 11. Nxd4 Nxd4 12. Qxd4 Rd8 13. Qb4 (13. Qe3 Qxe3
(13... Qc6 $5) 14. Bxe3 Nc4 15. Bxa7 Nxb2 16. Na3 e6 17. Nc2 Rd2 18. Nd4 Ba3
19. Rfb1 Na4 20. Rxb7 O-O 21. Nf3 Rc2 22. Nd4 Rd2 {1/2-1/2 Mikhalchishin,
A-Georgiev,Ki Sarajevo 1985}) (13. Qf4 g6 14. Na3 Bg7 15. Nb5 (15. Qc7 Qd5 (
15... Qd7) 16. Be3 (16. Re1 $4 Be5 $1 $19) 16... Be5 17. Qc5 Qxc5 18. Bxc5 Na4
19. Bxa7 Nxb2 $11 {O'Donnell,T-Tukmakov,V Canada 1989 48/218 [Tukmakov,V]})
15... O-O $1 (15... Nd5 16. Nc7+ Nxc7 17. Qxc7 Qd7 18. Qa5 b6 19. Qa6 O-O 20.
a4 $11 {/+/= Smagin,V-Vyzmanavin,A Moscow 1987}) 16. Nxa7 $2 Qe2 $1 17. Be3 Nd5
18. Qf3 Qxb2 19. Rab1 Qxa2 20. Rxb7 Qa6 21. Rbb1 Nxc3 $17 {/-+ Janovsky,
S-Kiselev,S USSR 1988 45/(169)}) (13. Qh4 {the main line} Qe2 {with two moves
for white 14.Be3 and 14.Nd2 with big complications} (13... h5)) 13... Qc6 14.
a4 (14. Nd2 e6 15. Qg4 (15. Qe4 {37/(163)}) 15... h5 16. Qg3 (16. Qf3 $11)
16... h4 17. Qf3 (17. Qh3 $142) 17... Qxf3 18. Nxf3 h3 $15 {Hresc,V-Vaiser,A
Capelle La Grande 43/185}) 14... a6 15. a5 $146 (15. Qb3 e6 16. Nd2 Be7 17. Nf3
O-O 18. Re1 Nc4 19. Qc2 h6 20. b3 Na5 21. Be3 $14 {/= Blatny,P-Stohl,I
Pardubice 1993}) 15... Nd5 16. Qa4 e6 17. Nd2 Be7 (17... Qxa4 18. Rxa4 Be7) 18.
Nc4 (18. Qxc6+ bxc6 19. Nc4 f6 $5 $13) 18... Qxa4 19. Rxa4 O-O 20. Re1 Rc8 {
it seems that black is just OK and does not have any problems,indeed white
have fixed black Queen's side pawns,but on the other hand in certain positions
the "a5" pawn may become weak} 21. Kf1 (21. Ne3 Rfd8) 21... Rfd8 22. Ke2 f6 $1
{the best way for black to bring his king into to the game is by f6-Kf7 and
after e5-Ke6} 23. Rd1 Kf7 24. Rd3 g5 $1 {[%csl Rf4]} 25. g3 h5 26. Ne3 Nxe3 27.
Bxe3 e5 28. Rxd8 Rxd8 29. Rc4 Ke6 30. Bb6 Rd7 31. Rc8 {black can play here 31..
.f5 with about equal position,but bith players decided to split the point at
this moment not trying to play the endgame...} 1/2-1/2